| 000 | 02006nam0a2200325 4500 | ||
|---|---|---|---|
| 001 | RU\NLR\BIBL_A\011371788 | ||
| 005 | 20240922010017.0 | ||
| 021 |
_aRU _b2017-20350 _91502 |
||
| 035 | _a(RuMoRGB)008831909 | ||
| 035 | _a(NLR Aleph) 011371788 | ||
| 090 |
_a11355656 _c11355656 |
||
| 100 | _a20170420d2017 u y0rusy50 ca | ||
| 101 | 0 | _arus | |
| 102 | _aRU | ||
| 105 | _aa z 00zy | ||
| 200 | 1 |
_aТепловые схемы энергетических установок и методы их расчета _eметодические указания _fО. М. Осмонов, Ю. А. Канатников _gМинистерство сельского хозяйства Российской Федерации, Российский государственный аграрный университет - МСХА имени К. А. Тимирязева, Факультет энергетический, Кафедра теплотехники, гидравлики и энергообеспечения предприятий |
|
| 210 |
_aМосква _cИзд-во РГАУ-МСХА _d2017 |
||
| 215 |
_a30 с. _cил. _d21 |
||
| 313 | _aПримеры расчета тепловых схем паровых турбин | ||
| 320 | _aБиблиогр.: с. 30 (4 назв.) | ||
| 606 |
_aЭнергетика -- Теплоэнергетика. Теплотехника -- Тепловые машины и аппараты -- Турбомашины -- Практическое пособие для высшей школы _2rubbk |
||
| 606 | 1 |
_aПаровые турбины _jМетодические пособия _xТепловой расчет _91819140 _3RU\NLR\AUTH\66821495 |
|
| 686 |
_aЗ363я73-5 _2rubbk |
||
| 686 | 1 | _aЗ363.2-028.3я73-41 | |
| 700 | 1 |
_aОсмонов _bО. М. _gОрозмамат Мамасалиевич |
|
| 701 | 1 |
_aКанатников _bЮ. А. _gЮрий Алексеевич |
|
| 942 | _cBOOK | ||
| 980 | _aNBR | ||